[Event "Otvoreno prvenstvo Paraæina za 2012. god"]
[Site "DCK - Paraæin"]
[Date "2012.01.21"]
[Round "3.1"]
[White "Cvetanovic, Uros"]
[Black "Zlatanovic, Boroljub"]
[Result "0-1"]
[WhiteElo "2214"]
[BlackElo "2434"]
[PlyCount "80"]
[EventDate "2012.01.20"]

1. e4 {[%emt 0:00:00]} e6 {[%emt 0:00:00]} 2. d4 {[%emt 0:00:00]} d5 {[%emt 0:
00:00]} 3. e5 {[%emt 0:00:00]} c5 {[%emt 0:00:00]} 4. c3 {[%emt 0:00:00]} Bd7 {
[%emt 0:00:00]} 5. Nf3 {[%emt 0:00:00]} Qb6 {[%emt 0:00:00]} 6. a3 {[%emt 0:00:
00]} c4 {[%emt 0:00:00]} 7. Nbd2 {[%emt 0:00:00]} Nc6 {[%emt 0:00:00]} 8. Be2 {
[%emt 0:00:00]} Na5 {[%emt 0:00:00]} 9. O-O {[%emt 0:00:00]} Ne7 {[%emt 0:00:
00]} 10. h3 {[%emt 0:00:00]} Ng6 {[%emt 0:00:00]} 11. g3 {[%emt 0:00:00]} f6 {
[%emt 0:00:00]} 12. h4 {[%emt 0:00:00]} Ne7 {[%emt 0:00:00]} 13. Re1 {[%emt 0:
00:00]} O-O-O {[%emt 0:00:00]} 14. Bf1 {[%emt 0:00:00]} f5 {[%emt 0:00:00]} 15.
Bh3 {[%emt 0:00:00]} Be8 {[%emt 0:00:00]} 16. Nf1 {[%emt 0:00:00]} Nb3 {[%emt
0:00:00]} 17. Rb1 {[%emt 0:00:00]} h6 {[%emt 0:00:00]} 18. Bf4 {[%emt 0:00:00]}
Bh5 {[%emt 0:00:00]} 19. Bg2 {[%emt 0:00:00]} Rg8 {[%emt 0:00:00]} 20. N1d2 {
[%emt 0:00:00]} g5 {[%emt 0:00:00]} 21. Nxb3 {[%emt 0:00:00]} cxb3 {[%emt 0:00:
00]} 22. hxg5 {[%emt 0:00:00]} hxg5 {[%emt 0:00:00]} 23. Bd2 {[%emt 0:00:00]}
f4 {[%emt 0:00:00]} 24. Qc1 {[%emt 0:00:00]} Kb8 {[%emt 0:00:00]} 25. c4 {
[%emt 0:00:00]} dxc4 {[%emt 0:00:00]} 26. Qxc4 {[%emt 0:00:00]} g4 {[%emt 0:00:
00]} 27. Nh4 {[%emt 0:00:00]} fxg3 {[%emt 0:00:00]} 28. Be3 {[%emt 0:00:00]}
gxf2+ {[%emt 0:00:00]} 29. Bxf2 {[%emt 0:00:00]} g3 {[%emt 0:00:00]} 30. Be3 {
[%emt 0:00:00]} Nd5 {[%emt 0:00:00]} 31. Bxd5 {[%emt 0:00:00]} exd5 {[%emt 0:
00:00]} 32. Qf1 {[%emt 0:00:00]} Be7 {[%emt 0:00:00]} 33. Nf5 {[%emt 0:00:00]}
g2 {[%emt 0:00:00]} 34. Qf2 {[%emt 0:00:00]} Rdf8 {[%emt 0:00:00]} 35. e6 {
[%emt 0:00:00]} Ka8 {[%emt 0:00:00]} 36. Nxe7 {[%emt 0:00:00]} Qxe6 {[%emt 0:
00:00]} 37. Bg5 {[%emt 0:00:00]} Qh3 {[%emt 0:00:00]} 38. Qh4 {[%emt 0:00:00]}
Qh1+ {[%emt 0:00:00]} 39. Qxh1 {[%emt 0:00:00]} gxh1=Q+ {[%emt 0:00:00]} 40.
Kxh1 {[%emt 0:00:00]} Rxg5 {[%emt 0:00:00]} 0-1

[Event "Otvoreno prvenstvo Paraæina za 2012. god"]
[Site "DCK - Paraæin"]
[Date "2012.01.21"]
[Round "3.5"]
[White "Radovic, Janko"]
[Black "Dinic, Dragan"]
[Result "0-1"]
[WhiteElo "2033"]
[BlackElo "2310"]
[PlyCount "50"]
[EventDate "2012.01.20"]

1. e4 {[%emt 0:00:00]} e5 {[%emt 0:00:00]} 2. Nf3 {[%emt 0:00:00]} Nc6 {[%emt
0:00:00]} 3. Bc4 {[%emt 0:00:00]} Bc5 {[%emt 0:00:00]} 4. b4 {[%emt 0:00:00]}
Bb6 {[%emt 0:00:00]} 5. c3 {[%emt 0:00:00]} d6 {[%emt 0:00:00]} 6. h3 {[%emt 0:
00:00]} Nf6 {[%emt 0:00:00]} 7. d3 {[%emt 0:00:00]} h6 {[%emt 0:00:00]} 8. O-O
{[%emt 0:00:00]} g5 {[%emt 0:00:00]} 9. Nh2 {[%emt 0:00:00]} g4 {[%emt 0:00:00]
} 10. hxg4 {[%emt 0:00:00]} Rg8 {[%emt 0:00:00]} 11. Qf3 {[%emt 0:00:00]} Qe7 {
[%emt 0:00:00]} 12. Be3 {[%emt 0:00:00]} Nxg4 {[%emt 0:00:00]} 13. Bxb6 {[%emt
0:00:00]} axb6 {[%emt 0:00:00]} 14. a4 {[%emt 0:00:00]} Nxh2 {[%emt 0:00:00]}
15. Kxh2 {[%emt 0:00:00]} Bg4 {[%emt 0:00:00]} 16. Qg3 {[%emt 0:00:00]} Kd7 {
[%emt 0:00:00]} 17. f3 {[%emt 0:00:00]} Be6 {[%emt 0:00:00]} 18. Bxe6+ {[%emt
0:00:00]} Qxe6 {[%emt 0:00:00]} 19. Qh4 {[%emt 0:00:00]} Ne7 {[%emt 0:00:00]}
20. Qh3 {[%emt 0:00:00]} Rg5 {[%emt 0:00:00]} 21. Qxe6+ {[%emt 0:00:00]} Kxe6 {
[%emt 0:00:00]} 22. Nd2 {[%emt 0:00:00]} Ng6 {[%emt 0:00:00]} 23. g3 {[%emt 0:
00:00]} Rg8 {[%emt 0:00:00]} 24. Rh1 {[%emt 0:00:00]} Nf4 {[%emt 0:00:00]} 25.
gxf4 {[%emt 0:00:00]} Rh5# {[%emt 0:00:00]} 0-1

[Event "Otvoreno prvenstvo Paraæina za 2012. god"]
[Site "DCK - Paraæin"]
[Date "2012.01.21"]
[Round "3.6"]
[White "Milosevic, Aleksandar"]
[Black "Vebel, Goran"]
[Result "1/2-1/2"]
[WhiteElo "2276"]
[BlackElo "2123"]
[PlyCount "41"]
[EventDate "2012.01.20"]

1. Nf3 {[%emt 0:00:00]} Nf6 2. c4 c5 3. Nc3 Nc6 4. g3 g6 5. Bg2 Bg7 6. O-O O-O
7. d3 d5 8. cxd5 Nxd5 9. Bd2 h6 10. Rc1 b6 11. a3 Nxc3 12. Bxc3 Bxc3 13. Rxc3
Bb7 14. Ne5 Na5 15. Bxb7 Nxb7 16. Qa4 Qd5 17. Nf3 Kg7 18. Rfc1 Rfd8 19. Nd2 Qe6
20. Qe4 Qxe4 21. Nxe4 1/2-1/2

[Event "Otvoreno prvenstvo Paraæina za 2012. god"]
[Site "DCK - Paraæin"]
[Date "2012.01.21"]
[Round "3.7"]
[White "Zivkovic, Zivojin"]
[Black "Garic, Radomir"]
[Result "1/2-1/2"]
[WhiteElo "1979"]
[BlackElo "2274"]
[PlyCount "24"]
[EventDate "2012.01.20"]

1. Nf3 {[%emt 0:00:00]} c5 {[%emt 0:00:00]} 2. g3 {[%emt 0:00:00]} Nc6 {[%emt
0:00:00]} 3. Bg2 {[%emt 0:00:00]} g6 {[%emt 0:00:00]} 4. d3 {[%emt 0:00:00]}
Bg7 {[%emt 0:00:00]} 5. O-O {[%emt 0:00:00]} d5 {[%emt 0:00:00]} 6. Nbd2 {
[%emt 0:00:00]} e6 {[%emt 0:00:00]} 7. c4 {[%emt 0:00:00]} Nge7 {[%emt 0:00:00]
} 8. Rb1 {[%emt 0:00:00]} O-O {[%emt 0:00:00]} 9. a3 {[%emt 0:00:00]} b6 {
[%emt 0:00:00]} 10. b4 {[%emt 0:00:00]} Qd6 {[%emt 0:00:00]} 11. bxc5 {[%emt 0:
00:00]} bxc5 {[%emt 0:00:00]} 12. Bb2 {[%emt 0:00:00]} Bxb2 {[%emt 0:00:00]}
1/2-1/2

[Event "Otvoreno prvenstvo Paraæina za 2012. god"]
[Site "DCK - Paraæin"]
[Date "2012.01.21"]
[Round "3.8"]
[White "Popovic, Djordje D"]
[Black "Tosic, Dragoljub"]
[Result "1-0"]
[WhiteElo "2260"]
[BlackElo "1997"]
[PlyCount "99"]
[EventDate "2012.01.20"]

1. d4 {[%emt 0:00:00]} Nf6 {[%emt 0:00:00]} 2. c4 {[%emt 0:00:00]} g6 {[%emt 0:
00:00]} 3. Nc3 {[%emt 0:00:00]} Bg7 {[%emt 0:00:00]} 4. e4 {[%emt 0:00:00]} d6
{[%emt 0:00:00]} 5. Be2 {[%emt 0:00:00]} Na6 {[%emt 0:00:00]} 6. Nf3 {[%emt 0:
00:00]} Bg4 {[%emt 0:00:00]} 7. Be3 {[%emt 0:00:00]} Nd7 {[%emt 0:00:00]} 8.
O-O {[%emt 0:00:00]} c6 {[%emt 0:00:00]} 9. Rc1 {[%emt 0:00:00]} Bxf3 {[%emt 0:
00:00]} 10. Bxf3 {[%emt 0:00:00]} e5 {[%emt 0:00:00]} 11. a3 {[%emt 0:00:00]}
O-O {[%emt 0:00:00]} 12. b4 {[%emt 0:00:00]} exd4 {[%emt 0:00:00]} 13. Bxd4 {
[%emt 0:00:00]} Ne5 {[%emt 0:00:00]} 14. Be2 {[%emt 0:00:00]} c5 {[%emt 0:00:
00]} 15. bxc5 {[%emt 0:00:00]} dxc5 {[%emt 0:00:00]} 16. Be3 {[%emt 0:00:00]}
Qxd1 {[%emt 0:00:00]} 17. Rfxd1 {[%emt 0:00:00]} Rad8 {[%emt 0:00:00]} 18. Nb5
{[%emt 0:00:00]} Nc6 {[%emt 0:00:00]} 19. Rd5 {[%emt 0:00:00]} b6 {[%emt 0:00:
00]} 20. Rcd1 {[%emt 0:00:00]} Rde8 {[%emt 0:00:00]} 21. Bf3 {[%emt 0:00:00]}
Nab8 {[%emt 0:00:00]} 22. Bf4 {[%emt 0:00:00]} a6 {[%emt 0:00:00]} 23. Nc7 {
[%emt 0:00:00]} Rc8 {[%emt 0:00:00]} 24. Bg4 {[%emt 0:00:00]} Nd4 {[%emt 0:00:
00]} 25. Bxc8 {[%emt 0:00:00]} Ne2+ {[%emt 0:00:00]} 26. Kf1 {[%emt 0:00:00]}
Nxf4 {[%emt 0:00:00]} 27. Rd8 {[%emt 0:00:00]} Bd4 {[%emt 0:00:00]} 28. Rxf8+ {
[%emt 0:00:00]} Kxf8 {[%emt 0:00:00]} 29. g3 {[%emt 0:00:00]} Nh5 {[%emt 0:00:
00]} 30. Nd5 {[%emt 0:00:00]} b5 {[%emt 0:00:00]} 31. cxb5 {[%emt 0:00:00]}
axb5 {[%emt 0:00:00]} 32. Nc7 {[%emt 0:00:00]} Nc6 {[%emt 0:00:00]} 33. Nxb5 {
[%emt 0:00:00]} Bf6 {[%emt 0:00:00]} 34. Bg4 {[%emt 0:00:00]} Ng7 {[%emt 0:00:
00]} 35. Rd6 {[%emt 0:00:00]} Ne5 {[%emt 0:00:00]} 36. Rxf6 {[%emt 0:00:00]}
Nxg4 {[%emt 0:00:00]} 37. Rc6 {[%emt 0:00:00]} Ne6 {[%emt 0:00:00]} 38. Nc7 {
[%emt 0:00:00]} Nd4 {[%emt 0:00:00]} 39. Rxc5 {[%emt 0:00:00]} Nxh2+ {[%emt 0:
00:00]} 40. Kg2 {[%emt 0:00:00]} Ng4 {[%emt 0:00:00]} 41. Nd5 {[%emt 0:00:00]}
Ne5 {[%emt 0:00:00]} 42. a4 {[%emt 0:00:00]} f5 {[%emt 0:00:00]} 43. exf5 {
[%emt 0:00:00]} gxf5 {[%emt 0:00:00]} 44. Ne3 {[%emt 0:00:00]} Nd3 {[%emt 0:00:
00]} 45. Rd5 {[%emt 0:00:00]} Ne1+ {[%emt 0:00:00]} 46. Kf1 {[%emt 0:00:00]}
Nec2 {[%emt 0:00:00]} 47. Nxc2 {[%emt 0:00:00]} Nxc2 {[%emt 0:00:00]} 48. a5 {
[%emt 0:00:00]} f4 {[%emt 0:00:00]} 49. a6 {[%emt 0:00:00]} fxg3 {[%emt 0:00:
00]} 50. a7 {[%emt 0:00:00]} 1-0

[Event "Otvoreno prvenstvo Paraæina za 2012. god"]
[Site "DCK - Paraæin"]
[Date "2012.01.21"]
[Round "3.9"]
[White "Zajic, Milun"]
[Black "Radosavljevic, Slobodan D"]
[Result "0-1"]
[WhiteElo "1809"]
[BlackElo "2231"]
[PlyCount "58"]
[EventDate "2012.01.20"]

1. c4 {[%emt 0:00:00]} Nf6 {[%emt 0:00:00]} 2. Nc3 {[%emt 0:00:00]} g6 {[%emt
0:00:00]} 3. e4 {[%emt 0:00:00]} d6 {[%emt 0:00:00]} 4. g3 {[%emt 0:00:00]} Bg7
{[%emt 0:00:00]} 5. Bg2 {[%emt 0:00:00]} O-O {[%emt 0:00:00]} 6. Nge2 {[%emt 0:
00:00]} c5 {[%emt 0:00:00]} 7. h3 {[%emt 0:00:00]} Nc6 {[%emt 0:00:00]} 8. O-O
{[%emt 0:00:00]} a6 {[%emt 0:00:00]} 9. d3 {[%emt 0:00:00]} Ne8 {[%emt 0:00:00]
} 10. Be3 {[%emt 0:00:00]} Nd4 {[%emt 0:00:00]} 11. Rb1 {[%emt 0:00:00]} e5 {
[%emt 0:00:00]} 12. a3 {[%emt 0:00:00]} Nc7 {[%emt 0:00:00]} 13. b4 {[%emt 0:
00:00]} b5 {[%emt 0:00:00]} 14. bxc5 {[%emt 0:00:00]} dxc5 {[%emt 0:00:00]} 15.
cxb5 {[%emt 0:00:00]} axb5 {[%emt 0:00:00]} 16. Bxd4 {[%emt 0:00:00]} cxd4 {
[%emt 0:00:00]} 17. Nxb5 {[%emt 0:00:00]} Nxb5 {[%emt 0:00:00]} 18. Rxb5 {
[%emt 0:00:00]} Rxa3 {[%emt 0:00:00]} 19. Qb1 {[%emt 0:00:00]} Ba6 {[%emt 0:00:
00]} 20. Rb3 {[%emt 0:00:00]} Qa5 {[%emt 0:00:00]} 21. Nc1 {[%emt 0:00:00]} Bh6
{[%emt 0:00:00]} 22. f4 {[%emt 0:00:00]} Rxb3 {[%emt 0:00:00]} 23. Qxb3 {[%emt
0:00:00]} exf4 {[%emt 0:00:00]} 24. gxf4 {[%emt 0:00:00]} Qd2 {[%emt 0:00:00]}
25. f5 {[%emt 0:00:00]} Bf4 {[%emt 0:00:00]} 26. fxg6 {[%emt 0:00:00]} hxg6 {
[%emt 0:00:00]} 27. Qa2 {[%emt 0:00:00]} Qxa2 {[%emt 0:00:00]} 28. Nxa2 {[%emt
0:00:00]} Be3+ {[%emt 0:00:00]} 29. Kh2 {[%emt 0:00:00]} Bxd3 {[%emt 0:00:00]}
0-1

[Event "Otvoreno prvenstvo Paraæina za 2012. god"]
[Site "DCK - Paraæin"]
[Date "2012.01.21"]
[Round "3.10"]
[White "Mladenovic, Stefan"]
[Black "Ivic, Matija"]
[Result "1-0"]
[WhiteElo "2181"]
[BlackElo "1665"]
[PlyCount "51"]
[EventDate "2012.01.20"]

1. d4 {[%emt 0:00:00]} c5 {[%emt 0:00:00]} 2. d5 {[%emt 0:00:00]} Nf6 {[%emt 0:
00:00]} 3. Nc3 {[%emt 0:00:00]} g6 {[%emt 0:00:00]} 4. e4 {[%emt 0:00:00]} d6 {
[%emt 0:00:00]} 5. Be2 {[%emt 0:00:00]} Bg7 {[%emt 0:00:00]} 6. Nf3 {[%emt 0:
00:00]} O-O {[%emt 0:00:00]} 7. O-O {[%emt 0:00:00]} Na6 {[%emt 0:00:00]} 8.
Nd2 {[%emt 0:00:00]} Nc7 {[%emt 0:00:00]} 9. a4 {[%emt 0:00:00]} Bd7 {[%emt 0:
00:00]} 10. Nc4 {[%emt 0:00:00]} Rb8 {[%emt 0:00:00]} 11. f3 {[%emt 0:00:00]}
a6 {[%emt 0:00:00]} 12. a5 {[%emt 0:00:00]} Nb5 {[%emt 0:00:00]} 13. Na4 {
[%emt 0:00:00]} Nd4 {[%emt 0:00:00]} 14. Bd3 {[%emt 0:00:00]} Ne8 {[%emt 0:00:
00]} 15. c3 {[%emt 0:00:00]} Nb5 {[%emt 0:00:00]} 16. Nab6 {[%emt 0:00:00]}
Nec7 {[%emt 0:00:00]} 17. f4 {[%emt 0:00:00]} e6 {[%emt 0:00:00]} 18. f5 {
[%emt 0:00:00]} exd5 {[%emt 0:00:00]} 19. exd5 {[%emt 0:00:00]} Re8 {[%emt 0:
00:00]} 20. fxg6 {[%emt 0:00:00]} fxg6 {[%emt 0:00:00]} 21. Bf4 {[%emt 0:00:00]
} Bc8 {[%emt 0:00:00]} 22. Qf3 {[%emt 0:00:00]} Rf8 {[%emt 0:00:00]} 23. Qg3 {
[%emt 0:00:00]} Ne8 {[%emt 0:00:00]} 24. Rae1 {[%emt 0:00:00]} Bf5 {[%emt 0:00:
00]} 25. Bg5 {[%emt 0:00:00]} Nf6 {[%emt 0:00:00]} 26. Bxf5 {[%emt 0:00:00]}
1-0

[Event "Otvoreno prvenstvo Paraæina za 2012. god"]
[Site "DCK - Paraæin"]
[Date "2012.01.21"]
[Round "3.11"]
[White "Madic, Zivko"]
[Black "Lazovic, Bozidar"]
[Result "1-0"]
[WhiteElo "2131"]
[BlackElo "1779"]
[PlyCount "79"]
[EventDate "2012.01.20"]

1. d4 {[%emt 0:00:00]} d5 {[%emt 0:00:00]} 2. Nf3 {[%emt 0:00:00]} Nf6 {[%emt
0:00:00]} 3. Bg5 {[%emt 0:00:00]} h6 {[%emt 0:00:00]} 4. Bxf6 {[%emt 0:00:00]}
exf6 {[%emt 0:00:00]} 5. e3 {[%emt 0:00:00]} Bd6 {[%emt 0:00:00]} 6. Bd3 {
[%emt 0:00:00]} O-O {[%emt 0:00:00]} 7. Nbd2 {[%emt 0:00:00]} Nc6 {[%emt 0:00:
00]} 8. c4 {[%emt 0:00:00]} dxc4 {[%emt 0:00:00]} 9. Nxc4 {[%emt 0:00:00]} Bg4
{[%emt 0:00:00]} 10. h3 {[%emt 0:00:00]} Bb4+ {[%emt 0:00:00]} 11. Kf1 {[%emt
0:00:00]} Bh5 {[%emt 0:00:00]} 12. g4 {[%emt 0:00:00]} Bg6 {[%emt 0:00:00]} 13.
Bxg6 {[%emt 0:00:00]} fxg6 {[%emt 0:00:00]} 14. Qb3 {[%emt 0:00:00]} Kh7 {
[%emt 0:00:00]} 15. a3 {[%emt 0:00:00]} Be7 {[%emt 0:00:00]} 16. Rc1 {[%emt 0:
00:00]} Rb8 {[%emt 0:00:00]} 17. Kg2 {[%emt 0:00:00]} f5 {[%emt 0:00:00]} 18.
Nce5 {[%emt 0:00:00]} Nxe5 {[%emt 0:00:00]} 19. Nxe5 {[%emt 0:00:00]} Bd6 {
[%emt 0:00:00]} 20. f4 {[%emt 0:00:00]} Bxe5 {[%emt 0:00:00]} 21. dxe5 {[%emt
0:00:00]} Qh4 {[%emt 0:00:00]} 22. gxf5 {[%emt 0:00:00]} Rxf5 {[%emt 0:00:00]}
23. Rxc7 {[%emt 0:00:00]} g5 {[%emt 0:00:00]} 24. Qd3 {[%emt 0:00:00]} Rbf8 {
[%emt 0:00:00]} 25. Rf1 {[%emt 0:00:00]} g4 {[%emt 0:00:00]} 26. hxg4 {[%emt 0:
00:00]} Qxg4+ {[%emt 0:00:00]} 27. Kf2 {[%emt 0:00:00]} Kh8 {[%emt 0:00:00]}
28. Ke1 {[%emt 0:00:00]} Qh4+ {[%emt 0:00:00]} 29. Ke2 {[%emt 0:00:00]} Qg4+ {
[%emt 0:00:00]} 30. Ke1 {[%emt 0:00:00]} Qh4+ {[%emt 0:00:00]} 31. Kd1 {[%emt
0:00:00]} Rd8 {[%emt 0:00:00]} 32. Rd7 {[%emt 0:00:00]} Rff8 {[%emt 0:00:00]}
33. Rd6 {[%emt 0:00:00]} Rc8 {[%emt 0:00:00]} 34. Qe4 {[%emt 0:00:00]} Qh5+ {
[%emt 0:00:00]} 35. Qf3 {[%emt 0:00:00]} Qe8 {[%emt 0:00:00]} 36. Rf2 {[%emt 0:
00:00]} Qa4+ {[%emt 0:00:00]} 37. Ke1 {[%emt 0:00:00]} Rc1+ {[%emt 0:00:00]}
38. Rd1 {[%emt 0:00:00]} Rd8 {[%emt 0:00:00]} 39. Rxc1 {[%emt 0:00:00]} Qa5+ {
[%emt 0:00:00]} 40. Kf1 {[%emt 0:00:00]} 1-0

[Event "Otvoreno prvenstvo Paraæina za 2012. god"]
[Site "DCK - Paraæin"]
[Date "2012.01.21"]
[Round "3.13"]
[White "Mirkovic, Dejan"]
[Black "Radovanovic, Nikola"]
[Result "0-1"]
[WhiteElo "1933"]
[BlackElo "2092"]
[PlyCount "50"]
[EventDate "2012.01.20"]

1. d4 {[%emt 0:00:00]} Nf6 {[%emt 0:00:00]} 2. Nf3 {[%emt 0:00:00]} g6 {[%emt
0:00:00]} 3. e3 {[%emt 0:00:00]} d5 {[%emt 0:00:00]} 4. Bd3 {[%emt 0:00:00]}
Bg7 {[%emt 0:00:00]} 5. Nbd2 {[%emt 0:00:00]} O-O {[%emt 0:00:00]} 6. b3 {
[%emt 0:00:00]} c5 {[%emt 0:00:00]} 7. Bb2 {[%emt 0:00:00]} Nbd7 {[%emt 0:00:
00]} 8. O-O {[%emt 0:00:00]} b6 {[%emt 0:00:00]} 9. Ne5 {[%emt 0:00:00]} Nxe5 {
[%emt 0:00:00]} 10. dxe5 {[%emt 0:00:00]} Ng4 {[%emt 0:00:00]} 11. Nf3 {[%emt
0:00:00]} Qc7 {[%emt 0:00:00]} 12. c4 {[%emt 0:00:00]} e6 {[%emt 0:00:00]} 13.
Rc1 {[%emt 0:00:00]} Nxe5 {[%emt 0:00:00]} 14. Nxe5 {[%emt 0:00:00]} Bxe5 {
[%emt 0:00:00]} 15. Bxe5 {[%emt 0:00:00]} Qxe5 {[%emt 0:00:00]} 16. Qe2 {[%emt
0:00:00]} Bb7 {[%emt 0:00:00]} 17. f4 {[%emt 0:00:00]} Qc7 {[%emt 0:00:00]} 18.
cxd5 {[%emt 0:00:00]} exd5 {[%emt 0:00:00]} 19. f5 {[%emt 0:00:00]} Qe5 {[%emt
0:00:00]} 20. Qf2 {[%emt 0:00:00]} Rac8 {[%emt 0:00:00]} 21. Rce1 {[%emt 0:00:
00]} Qc3 {[%emt 0:00:00]} 22. Bb1 {[%emt 0:00:00]} Ba6 {[%emt 0:00:00]} 23. f6
{[%emt 0:00:00]} Bxf1 {[%emt 0:00:00]} 24. Qh4 {[%emt 0:00:00]} Ba6 {[%emt 0:
00:00]} 25. Kf2 {[%emt 0:00:00]} Rc6 {[%emt 0:00:00]} 0-1